000
00294nam a22001217a 4500
008
170216b xxu||||| |||| 00| 0 eng d
041
_a
eng
080
_2
4TH
_a
615
100
_a
5
101
_a
SHF
245
_a
ANTIPLATELET & ANTITHROMBOTIC PRESCRIBING GUIDE
_c
GLAXOSMITHKLINE
942
_2
udc
_c
BK
999
_c
5708
_d
5708